01012nam0a22002291 4500001001100000005001700011021002000028021001700048035002600065100004100091101000800132102000700140105001800147200034400165210003200509215001500541702003300556710013400589801001800723801002200741852001900763rc\365039120250610054917.0 aRUbРг4586-71 aRUb70-83206 a(NLR Aleph) 007733845 a20130115d1970 |||y0rusy50 ca0 arus aRU ay b |||||1 aКаталогf[Ред.-сост.: Шатэн А.В.]gЦентр. дом работников искусств. Моск. отд-ние ВОФ. Моск. гор. дирекция "Союзпечать". Дружеская филателистическая выставка "Москва - Бухарест" (15-22 ноября 1970 г.) aМоскваcБ. и.d1970 a14 с.d20 1aШатэнbА.В.4340422012a"Москва - Бухарест", филателистическая выставкаeМоскваf19703RU\NLR\AUTH\880614609 0aRUbNLRgpsbo 1aRUbELAR2rusmarc aNLRj71-4/3051